[Event "CAN-ch University"]
[Site "Ottawa"]
[Date "2018.01.14"]
[Round "4"]
[White "Knox, Christopher"]
[Black "Marinkovic, Mate"]
[Result "0-1"]
[WhiteElo "2345"]
[BlackElo "2243"]
[PlyCount "70"]
[EventDate "2018.01.13"]
[EventType "swiss"]
[EventRounds "5"]
[EventCountry "CAN"]
[SourceTitle "EXT 2022"]
[Source "ChessBase"]
[SourceDate "2021.10.06"]
[SourceVersion "1"]
[SourceVersionDate "2021.10.06"]
[SourceQuality "1"]

1. d4 d5 2. c4 c6 3. Nf3 Nf6 4. e3 e6 5. Bd3 Nbd7 6. b3 Ne4 7. Nbd2 f5 8. Bb2 Bd6 9. Ne5 Nxe5 10. dxe5 Bb4 11. Bxe4 fxe4 12. 0-0 0-0 13. a3 Ba5 14. b4 Bc7 15. Qg4 a5 16. c5 Qe7 17. Bd4 Rf5 18. f4 exf3 19. Nxf3 Bd7 20. e4 h5 21. Qg3 dxe4 22. Nd2 Rg5 23. Qc3 Rg4 24. h3 Rg6 25. Nxe4 Qh4 26. Qf3 Kh7 27. Rae1 axb4 28. Qf7 Be8 29. Qxc7 Rxa3 30. Bc3 bxc3 31. Nf6+ Kh6 32. Ng8+ Kh7 33. Nf6+ Kh8 34. Rf2 c2 35. Qe7 Rxg2+ 0-1

[Event "Ottawa RA March op"]
[Site "Ottawa"]
[Date "2017.03.03"]
[Round "1"]
[White "Palsson, Halldor Peter"]
[Black "Marinkovic, Mate"]
[Result "1/2-1/2"]
[WhiteElo "1984"]
[BlackElo "2130"]
[PlyCount "133"]
[EventDate "2017.03.03"]
[EventType "swiss"]
[EventRounds "5"]
[EventCountry "CAN"]
[SourceTitle "EXT 2022"]
[Source "ChessBase"]
[SourceDate "2021.10.06"]
[SourceVersion "1"]
[SourceVersionDate "2021.10.06"]
[SourceQuality "1"]

1. d4 d5 2. c4 c6 3. Nc3 Nf6 4. Nf3 dxc4 5. a4 Bf5 6. e3 e6 7. Bxc4 Bb4 8. 0-0 Nbd7 9. Nh4 0-0 10. Nxf5 exf5 11. Qc2 g6 12. f3 Nb6 13. Bb3 a5 14. Rd1 Qe7 15. e4 fxe4 16. Nxe4 Nfd5 17. Bg5 f6 18. Bh4 Kh8 19. Bf2 Rad8 20. Rd3 f5 21. Nc3 Nf4 22. Rd2 Qg5 23. Bg3 Rfe8 24. Kh1 Nh5 25. Bf2 Qf4 26. Qd1 c5 27. g3 Qd6 28. Nb5 Qd7 29. Re2 c4 30. Bc2 Nd5 31. b3 Nc3 32. Nxc3 Bxc3 33. Rb1 b5 34. axb5 Qxb5 35. bxc4 Qxc4 36. Bd3 Qd5 37. Rxe8+ Rxe8 38. Rb5 Qa2 39. Kg1 Nf6 40. Qb3 Qd2 41. Qc2 Re2 42. Qxd2 Rxd2 43. Bf1 a4 44. Rb6 a3 45. Rxf6 a2 46. Ra6 a1Q 47. Rxa1 Bxa1 48. Bb5 Bxd4 49. Bxd4+ Rxd4 50. Kg2 Kg7 51. h4 f4 52. gxf4 Rxf4 53. Kg3 Rb4 54. Bc6 Kf6 55. Bd7 Ke5 56. Bc6 Rc4 57. Bb5 Rf4 58. Bd7 Rf6 59. Kg4 h6 60. Bc8 Kd4 61. Bb7 Ke3 62. Kg3 Rf4 63. Bc6 Rc4 64. Bb7 Rc1 65. Kg2 Kf4 66. Be4 Rc7 67. Bxg6 1/2-1/2

[Event "National Capital op"]
[Site "Ottawa"]
[Date "2015.10.25"]
[Round "5"]
[White "Sambuev, Bator"]
[Black "Marinkovic, Mate"]
[Result "1-0"]
[WhiteElo "2599"]
[BlackElo "2130"]
[PlyCount "101"]
[EventDate "2015.10.23"]
[EventType "swiss"]
[EventRounds "5"]
[EventCountry "CAN"]
[SourceTitle "EXT 2019"]
[Source "ChessBase"]
[SourceDate "2018.10.10"]
[SourceVersion "1"]
[SourceVersionDate "2018.10.10"]
[SourceQuality "1"]

1. e4 c5 2. Nf3 e6 3. d4 cxd4 4. Nxd4 Nc6 5. Nc3 Qc7 6. Be3 a6 7. Qf3 Ne5 8. Qg3 d6 9. f4 Nc4 10. Bxc4 Qxc4 11. 0-0-0 b5 12. Kb1 Bb7 13. e5 dxe5 14. fxe5 Ne7 15. Rhf1 Ng6 16. h4 b4 17. Na4 Bd5 18. b3 Qc7 19. h5 Nxe5 20. Bf4 f6 21. Qh3 Kf7 22. h6 g6 23. Bxe5 Qxe5 24. Nb6 Rd8 25. Nc6 Bxc6 26. Rxd8 Qc7 27. Nc4 Bxg2 28. Rxf8+ Rxf8 29. Qxg2 Rd8 30. Qe4 Rd5 31. Ne3 Re5 32. Rxf6+ Kxf6 33. Ng4+ Kg5 34. Nxe5 Kxh6 35. Nd3 a5 36. Nf4 Qf7 37. Qe3 Qf5 38. Nxe6+ g5 39. Nd4 Qf1+ 40. Kb2 Kh5 41. Qe4 h6 42. Nf5 Qf4 43. Qe8+ Kg4 44. Nxh6+ Kf3 45. Qf7 g4 46. Qxf4+ Kxf4 47. Nxg4 Kxg4 48. c4 Kf4 49. a3 Ke4 50. axb4 axb4 51. Kc2 1-0

[Event "CAN-ch U18"]
[Site "Ottawa"]
[Date "2013.07.12"]
[Round "5"]
[White "Marinkovic, Mate"]
[Black "Zhang, Zhiyuan"]
[Result "1/2-1/2"]
[WhiteElo "2231"]
[BlackElo "1983"]
[PlyCount "94"]
[EventDate "2013.07.10"]
[EventType "swiss"]
[EventRounds "6"]
[EventCountry "CAN"]
[SourceTitle "EXT 2022"]
[Source "ChessBase"]
[SourceDate "2021.10.06"]
[SourceVersion "1"]
[SourceVersionDate "2021.10.06"]
[SourceQuality "1"]

1. c4 c6 2. e4 d5 3. exd5 cxd5 4. cxd5 Nf6 5. Qa4+ Nbd7 6. Nc3 g6 7. Nf3 Bg7 8. Bc4 0-0 9. d3 a6 10. Qa3 Nb6 11. Qb3 Bf5 12. Be3 Nxc4 13. dxc4 b5 14. cxb5 axb5 15. Rd1 Qa5 16. Nd4 Bd7 17. Nc2 Ne4 18. Nb4 Nxc3 19. bxc3 Rfc8 20. Bd4 Rc4 21. Bxg7 Kxg7 22. 0-0 Rac8 23. Rd3 Qc7 24. Qb2 Kg8 25. Rc1 Qc5 26. a3 Bf5 27. Re3 Bd7 28. h3 e6 29. Qd2 Ra8 30. Ra1 Rc8 31. Rc1 Ra8 32. dxe6 Bxe6 33. Rd3 Rxa3 34. Qh6 Qf8 35. Qg5 Rc5 36. Qf6 Rf5 37. Qd4 Rc5 38. g4 Qe7 39. Qe4 Qc7 40. Qd4 Qe5 41. Qd8+ Kg7 42. Re3 Qf6 43. Qd2 h5 44. f3 Qf4 45. Qf2 Re5 46. Rce1 Rxe3 47. Rxe3 hxg4 1/2-1/2

[Event "Ottawa RA Spring op"]
[Site "Ottawa"]
[Date "2013.02.17"]
[Round "5"]
[White "Sambuev, Bator"]
[Black "Marinkovic, Mate"]
[Result "1-0"]
[WhiteElo "2700"]
[BlackElo "2215"]
[PlyCount "73"]
[EventDate "2013.02.15"]
[EventType "swiss"]
[EventRounds "5"]
[EventCountry "CAN"]
[SourceTitle "EXT 2022"]
[Source "ChessBase"]
[SourceDate "2021.10.06"]
[SourceVersion "1"]
[SourceVersionDate "2021.10.06"]
[SourceQuality "1"]

1. d4 d5 2. c4 c6 3. Nf3 Nf6 4. e3 Bg4 5. cxd5 Bxf3 6. Qxf3 cxd5 7. Nc3 e6 8. Bd3 Nc6 9. 0-0 Be7 10. Bd2 0-0 11. Rac1 Rc8 12. Qh3 Na5 13. e4 g6 14. e5 Nh5 15. Ne2 Nc4 16. Bh6 Ng7 17. b3 Na5 18. Rcd1 Nc6 19. f4 Qb6 20. Kh1 Nb4 21. Bb1 f5 22. exf6 Bxf6 23. g4 Qa6 24. Ng3 Nc2 25. f5 exf5 26. gxf5 g5 27. Nh5 Nxh5 28. Bxf8 Nf4 29. Rxf4 Rxf8 30. Rf2 Nxd4 31. Rxd4 Bxd4 32. f6 Rf7 33. Qc8+ Rf8 34. Bxh7+ Kxh7 35. Qxf8 Kg6 36. Qe8+ Kh7 37. Qh5+ 1-0

[Event "Ottawa RA Winter op2"]
[Site "Ottawa"]
[Date "2012.11.18"]
[Round "5"]
[White "Sambuev, Bator"]
[Black "Marinkovic, Mate"]
[Result "1-0"]
[WhiteElo "2700"]
[BlackElo "2243"]
[PlyCount "63"]
[EventDate "2012.11.16"]
[EventType "swiss"]
[EventRounds "5"]
[EventCountry "CAN"]
[SourceTitle "EXT 2022"]
[Source "ChessBase"]
[SourceDate "2021.10.06"]
[SourceVersion "1"]
[SourceVersionDate "2021.10.06"]
[SourceQuality "1"]

1. d4 d5 2. Nf3 Nf6 3. e3 c6 4. c4 Bg4 5. cxd5 Bxf3 6. Qxf3 cxd5 7. Nc3 e6 8. Bd3 Nbd7 9. 0-0 Be7 10. Bd2 0-0 11. Qh3 Rc8 12. f4 Nb6 13. f5 exf5 14. Rxf5 g6 15. Raf1 Nc4 16. Bc1 Nd6 17. Re5 Nc4 18. Rxe7 Qxe7 19. Qh4 Rc6 20. e4 Nxb2 21. Bxb2 Qb4 22. Nxd5 Nxd5 23. exd5 Rd6 24. Bc1 Rxd5 25. Be3 Qc3 26. Qe4 Rdd8 27. Bb5 a6 28. Ba4 b5 29. Bb3 a5 30. Qe7 h5 31. Bxf7+ Kh7 32. Be8+ 1-0

[Event "Split op 2nd"]
[Site "Split"]
[Date "2012.08.19"]
[Round "9"]
[White "Marinkovic, Mate"]
[Black "Batinic, Josip"]
[Result "1-0"]
[WhiteElo "2106"]
[BlackElo "1962"]
[PlyCount "87"]
[EventDate "2012.08.11"]
[EventType "swiss"]
[EventRounds "9"]
[EventCountry "CRO"]
[SourceTitle "CBM 149 Extra"]
[Source "ChessBase"]
[SourceDate "2012.08.24"]
[SourceVersion "1"]
[SourceVersionDate "2012.08.24"]
[SourceQuality "1"]

1. c4 Nf6 2. g3 e6 3. Bg2 d5 4. Nf3 Be7 5. b3 c6 6. Bb2 b6 7. d3 Bb7 8. Nbd2 Nbd7 9. Qc2 Rc8 10. e4 dxe4 11. dxe4 Nc5 12. Ne5 Bd6 13. 0-0 Qc7 14. f4 0-0 15. Nxf7 Rxf7 16. e5 Ng4 17. exd6 Qxd6 18. Ne4 Nxe4 19. Qxe4 Qd2 20. Bc1 Qc3 21. Rb1 Re8 22. Qe2 h5 23. h3 Nf6 24. Rf3 Qa5 25. Re3 Qf5 26. Ra1 Rd7 27. Bb2 c5 28. Re5 Qg6 29. Rg5 Qf7 30. Bxb7 Rxb7 31. Rd1 g6 32. Bxf6 Qxf6 33. Qxh5 Kf7 34. Qh7+ Qg7 35. Qxg7+ Kxg7 36. Re5 Kf6 37. Kg2 Ree7 38. Re2 e5 39. Rd6+ Kf5 40. Rd5 Rbd7 41. Rexe5+ Kf6 42. Rxe7 Rxe7 43. Rd6+ Kf7 44. Kf3 1-0

[Event "Split op 2nd"]
[Site "Split"]
[Date "2012.08.16"]
[Round "6"]
[White "Strobl, Helmut"]
[Black "Marinkovic, Mate"]
[Result "0-1"]
[WhiteElo "1822"]
[BlackElo "2106"]
[PlyCount "56"]
[EventDate "2012.08.11"]
[EventType "swiss"]
[EventRounds "9"]
[EventCountry "CRO"]
[SourceTitle "CBM 149 Extra"]
[Source "ChessBase"]
[SourceDate "2012.08.24"]
[SourceVersion "1"]
[SourceVersionDate "2012.08.24"]
[SourceQuality "1"]

1. d4 d5 2. Nf3 Nf6 3. Bg5 Ne4 4. Bf4 c5 5. e3 Qb6 6. Qc1 cxd4 7. exd4 Nc6 8. c3 Bf5 9. Be2 e6 10. 0-0 Be7 11. Nbd2 0-0 12. Be3 Rac8 13. Ne5 Rfd8 14. f4 Nxe5 15. fxe5 Ba3 16. Nb3 Rxc3 17. Qd1 Rxe3 18. bxa3 Nc3 19. Qd2 Nxe2+ 20. Kh1 Re4 21. Rab1 Nxd4 22. Nxd4 Qxd4 23. Qg5 f6 24. exf6 Qxf6 25. Qg3 Rg4 26. Qc7 Rc4 27. Qxb7 Bxb1 28. Qxb1 Qxf1+ 0-1

[Event "Trois-Rivieres Mauricie op"]
[Site "Trois Rivieres"]
[Date "2012.03.16"]
[Round "1"]
[White "Marinkovic, Mate"]
[Black "Auger, Bertrand"]
[Result "1-0"]
[WhiteElo "2138"]
[BlackElo "1966"]
[PlyCount "79"]
[EventDate "2012.03.16"]
[EventType "swiss"]
[EventRounds "5"]
[EventCountry "CAN"]
[SourceTitle "EXT 2022"]
[Source "ChessBase"]
[SourceDate "2021.10.06"]
[SourceVersion "1"]
[SourceVersionDate "2021.10.06"]
[SourceQuality "1"]

1. c4 c5 2. g3 Nc6 3. Bg2 g6 4. Nc3 Bg7 5. e4 e6 6. Nge2 Nge7 7. 0-0 0-0 8. d3 b6 9. Rb1 d6 10. a3 Bb7 11. b4 Nd4 12. Nxd4 Bxd4 13. Ne2 Bg7 14. Be3 Qc7 15. Qb3 Rac8 16. Rfd1 Rfd8 17. Rbc1 Qb8 18. d4 cxd4 19. Nxd4 Nc6 20. f4 Nxd4 21. Bxd4 e5 22. Bb2 Qa8 23. Re1 a6 24. Bh3 Rc7 25. Qd3 b5 26. cxb5 Rxc1 27. Bxc1 axb5 28. Bb2 d5 29. Qxb5 dxe4 30. Bxe5 Rd5 31. Qb6 Bxe5 32. fxe5 Rxe5 33. a4 Bc6 34. b5 Be8 35. Qd4 Re7 36. Bg2 f5 37. Bf1 Rd7 38. Bc4+ Kf8 39. Qf6+ Rf7 40. Qh8+ 1-0

[Event "CAN-ch U16"]
[Site "Richmond Hill"]
[Date "2011.07.07"]
[Round "4"]
[White "Marinkovic, Mate"]
[Black "Luo, Zhao Yang"]
[Result "0-1"]
[WhiteElo "2226"]
[BlackElo "1894"]
[PlyCount "80"]
[EventDate "2011.07.06"]
[EventType "swiss"]
[EventRounds "7"]
[EventCountry "CAN"]
[SourceTitle "EXT 2022"]
[Source "ChessBase"]
[SourceDate "2021.10.06"]
[SourceVersion "1"]
[SourceVersionDate "2021.10.06"]
[SourceQuality "1"]

1. c4 Nf6 2. g3 g6 3. Bg2 Bg7 4. Nc3 d6 5. e4 c6 6. Nge2 0-0 7. 0-0 a6 8. a4 Nbd7 9. h3 Qa5 10. d3 e5 11. Bd2 Qd8 12. Be3 b6 13. f4 Re8 14. f5 Bb7 15. g4 h6 16. g5 hxg5 17. Bxg5 Qc7 18. Ng3 d5 19. h4 Qd6 20. Kh2 dxc4 21. dxc4 Qb4 22. Qe2 a5 23. Nd1 Ba6 24. Ne3 b5 25. Rf2 bxc4 26. Qf3 Rf8 27. Ng4 Qb3 28. Nxf6+ Nxf6 29. Qxb3 cxb3 30. Bf3 Rad8 31. Bd2 Rd7 32. Bxa5 Bh6 33. Bb4 Rb8 34. Bc3 Bf4 35. Kg2 Rd3 36. fxg6 Bxg3 37. Kxg3 Nxe4+ 38. Kg2 Nxf2 39. Kxf2 fxg6 40. Bxe5 Rf8 0-1

[Event "Ottawa Canada Day op"]
[Site "Ottawa"]
[Date "2011.07.03"]
[Round "6"]
[White "Sambuev, Bator"]
[Black "Marinkovic, Mate"]
[Result "1-0"]
[WhiteElo "2750"]
[BlackElo "2190"]
[PlyCount "67"]
[EventDate "2011.06.30"]
[EventType "swiss"]
[EventRounds "6"]
[EventCountry "CAN"]
[SourceTitle "EXT 2022"]
[Source "ChessBase"]
[SourceDate "2021.10.06"]
[SourceVersion "1"]
[SourceVersionDate "2021.10.06"]
[SourceQuality "1"]

1. d4 d5 2. Nf3 Nf6 3. Bg5 e6 4. c4 c6 5. Nc3 Nbd7 6. e3 Be7 7. Qc2 0-0 8. 0-0-0 a6 9. Kb1 dxc4 10. Bxc4 b5 11. Bd3 h6 12. h4 Bb7 13. Ne4 Nd5 14. Nd6 Qc7 15. Nxb7 Qxb7 16. Be4 Bd6 17. Bf4 Be7 18. Bxd5 cxd5 19. g4 Rfc8 20. Qd3 Qb6 21. h5 f6 22. Bxh6 gxh6 23. Qg6+ Kf8 24. Qxh6+ Ke8 25. Qg6+ Kd8 26. h6 Kc7 27. Rc1+ Kd6 28. h7 Rxc1+ 29. Rxc1 Rh8 30. e4 Nf8 31. e5+ fxe5 32. Qe8 exd4 33. Nxd4 Qb7 34. f4 1-0

[Event "Ottawa Canada Day op"]
[Site "Ottawa"]
[Date "2011.07.01"]
[Round "2"]
[White "Marinkovic, Mate"]
[Black "O'Donnell, Tom"]
[Result "1/2-1/2"]
[WhiteElo "2190"]
[BlackElo "2449"]
[PlyCount "129"]
[EventDate "2011.06.30"]
[EventType "swiss"]
[EventRounds "6"]
[EventCountry "CAN"]
[SourceTitle "EXT 2022"]
[Source "ChessBase"]
[SourceDate "2021.10.06"]
[SourceVersion "1"]
[SourceVersionDate "2021.10.06"]
[SourceQuality "1"]

1. c4 e6 2. g3 d5 3. Nf3 Nf6 4. b3 Be7 5. Bg2 b6 6. Bb2 0-0 7. 0-0 Bb7 8. e3 c5 9. Nc3 dxc4 10. bxc4 Nc6 11. Qe2 Nb4 12. d4 cxd4 13. exd4 Rc8 14. Rfd1 Re8 15. Rac1 Bf8 16. a3 Nc6 17. Ne5 Na5 18. Bxb7 Nxb7 19. Qf3 Na5 20. d5 Nxc4 21. Nxc4 Rxc4 22. dxe6 Qc8 23. exf7+ Kxf7 24. Nd5 Rxc1 25. Rxc1 Qg4 26. Qxg4 Nxg4 27. Rc7+ Ke6 28. Nf4+ Kd6 29. Rxa7 g5 30. Nd3 Re2 31. h3 Nxf2 32. Nxf2 Rxb2 33. Rf7 Be7 34. Rxh7 Ke6 35. Ne4 Re2 36. Rh6+ Ke5 37. Nc3 Re3 38. Nb5 Bc5 39. Kg2 Rb3 40. Nc7 Rxa3 41. Re6+ Kd4 42. Nb5+ Kd5 43. Rg6 Rb3 44. Rxg5+ Ke4 45. Nc7 Rb2+ 46. Kf1 Kf3 47. Rf5+ Kxg3 48. Ne6 Be3 49. Ng5 Bf4 50. Ne6 Rf2+ 51. Kg1 Rg2+ 52. Kf1 Rf2+ 53. Kg1 Re2 54. Rxf4 Rxe6 55. Rf2 Kxh3 56. Kf1 Kg4 57. Rg2+ Kf5 58. Rf2+ Kg6 59. Rg2+ Kf7 60. Rf2+ Ke7 61. Re2 Rxe2 62. Kxe2 Ke6 63. Kd2 Kd6 64. Kc2 Kc6 65. Kb2 1/2-1/2

[Event "CAN-ch U16"]
[Site "Windsor"]
[Date "2010.07.07"]
[Round "3"]
[White "Marinkovic, Mate"]
[Black "Kleinman, Michael"]
[Result "0-1"]
[WhiteElo "2225"]
[BlackElo "2233"]
[PlyCount "118"]
[EventDate "2010.07.06"]
[EventType "swiss"]
[EventRounds "7"]
[EventCountry "CAN"]
[SourceTitle "EXT 2012"]
[Source "ChessBase"]
[SourceDate "2011.11.24"]
[SourceVersion "1"]
[SourceVersionDate "2011.11.24"]
[SourceQuality "1"]

1. c4 Nf6 2. g3 g6 3. Bg2 d5 4. cxd5 Nxd5 5. e4 Nb4 6. Bf1 N8c6 7. d3 Nd4 8. Na3 Bg7 9. Bd2 Nbc6 10. Bc3 0-0 11. Nc2 f5 12. Nxd4 Nxd4 13. Bg2 fxe4 14. Bxe4 e5 15. Bxd4 Qxd4 16. Qb3+ Kh8 17. Nf3 Qb6 18. Qxb6 axb6 19. 0-0 c6 20. Rfe1 Ra4 21. Kg2 Bf6 22. a3 Kg7 23. h3 Kf7 24. Nd2 Be6 25. b3 Rd4 26. Nf3 Rd7 27. b4 Bd5 28. Re2 Bxe4 29. dxe4 Ra8 30. Raa2 b5 31. Re3 Ke6 32. Rc3 Be7 33. Rb2 Rd1 34. Nd2 Bd8 35. Rd3 Bb6 36. Rbb3 h6 37. Nf3 Rd8 38. Rxd8 Rxd8 39. Kf1 Rd1+ 40. Ke2 Ra1 41. Nd2 Bd4 42. Rd3 Ra2 43. Ke1 Bb2 44. Nb3 b6 45. Kf1 Bxa3 46. Rc3 Kd7 47. Rd3+ Kc7 48. Rf3 Bxb4 49. Rf7+ Kd8 50. Kg2 c5 51. Rf6 c4 52. Nc1 Rc2 53. Rxg6 Rxc1 54. Rxh6 Bc5 55. g4 Ke7 56. g5 b4 57. Rh7+ Kf8 58. g6 b3 59. Rf7+ Kg8 0-1

[Event "CAN-ch U16"]
[Site "Windsor"]
[Date "2010.07.06"]
[Round "2"]
[White "Sapozhnikov, Roman"]
[Black "Marinkovic, Mate"]
[Result "1/2-1/2"]
[WhiteElo "2418"]
[BlackElo "2225"]
[PlyCount "68"]
[EventDate "2010.07.06"]
[EventType "swiss"]
[EventRounds "7"]
[EventCountry "CAN"]
[SourceTitle "EXT 2012"]
[Source "ChessBase"]
[SourceDate "2011.11.24"]
[SourceVersion "1"]
[SourceVersionDate "2011.11.24"]
[SourceQuality "1"]

1. e4 c5 2. Nf3 e6 3. d4 cxd4 4. Nxd4 Nc6 5. Nc3 Qc7 6. Be3 a6 7. Qd2 Nf6 8. 0-0-0 Ng4 9. Bf4 e5 10. Nxc6 dxc6 11. Bg3 Be6 12. h3 Nf6 13. Be2 h6 14. Bd3 Be7 15. Bh2 b5 16. f4 Nh5 17. Ne2 c5 18. g4 Nxf4 19. Nxf4 exf4 20. Bxf4 Qxf4 21. Qxf4 Bg5 22. Rdf1 Ke7 23. e5 Rad8 24. Kb1 Bxf4 25. Rxf4 g6 26. Be2 Rd5 27. Re4 Rhd8 28. Re3 Rd2 29. Re1 Bc4 30. Kc1 Bxe2 31. R3xe2 Rxe2 32. Rxe2 Rd5 33. Re3 b4 34. c4 Rd4 1/2-1/2

[Event "CAN-ch U14"]
[Site "Victoria"]
[Date "2009.07.23"]
[Round "5"]
[White "Marinkovic, Mate"]
[Black "Kaminski, Thomas"]
[Result "1/2-1/2"]
[WhiteElo "2045"]
[BlackElo "2141"]
[PlyCount "99"]
[EventDate "2009.07.21"]
[EventType "swiss"]
[EventRounds "8"]
[EventCountry "CAN"]
[SourceTitle "EXT 2011"]
[Source "ChessBase"]
[SourceDate "2010.11.26"]
[SourceVersion "1"]
[SourceVersionDate "2010.11.26"]
[SourceQuality "1"]

1. e4 c6 2. d4 d5 3. exd5 cxd5 4. Bd3 Nc6 5. c3 Nf6 6. Bf4 Bg4 7. Be2 Bxe2 8. Qxe2 e6 9. Nf3 Be7 10. Nbd2 Qb6 11. Nb3 a5 12. 0-0 a4 13. Nc1 0-0 14. Nd3 Ne4 15. Rac1 Rfc8 16. Nd2 Nxd2 17. Qxd2 Na5 18. Qe2 Nc4 19. Rc2 Qa6 20. Re1 Rc6 21. a3 Rac8 22. Ne5 Nxe5 23. Qxa6 Nf3+ 24. gxf3 Rxa6 25. Kg2 f6 26. Rce2 Kf7 27. Bc1 Bf8 28. f4 g6 29. Kf3 Rac6 30. Bd2 b5 31. Kg3 Re8 32. Kf3 Rc7 33. Bc1 Bd6 34. h3 Rce7 35. Rd1 Rc8 36. Rde1 Rce8 37. Rd1 h6 38. h4 Rg8 39. Rg1 Ree8 40. Ree1 Be7 41. Rg2 Rg7 42. Reg1 Reg8 43. Kg3 g5 44. Kh3 gxh4 45. Rxg7+ Rxg7 46. Rxg7+ Kxg7 47. f5 e5 48. Be3 Bd6 49. Kxh4 e4 50. Kh5 1/2-1/2

[Event "CAN-ch U14"]
[Site "Quebec"]
[Date "2008.07.16"]
[Round "7"]
[White "Marinkovic, Mate"]
[Black "Zhang, David"]
[Result "1-0"]
[WhiteElo "1972"]
[BlackElo "1811"]
[PlyCount "77"]
[EventDate "2008.07.14"]
[EventType "swiss"]
[EventRounds "7"]
[EventCountry "CAN"]
[SourceTitle "EXT 2011"]
[Source "ChessBase"]
[SourceDate "2010.11.26"]
[SourceVersion "1"]
[SourceVersionDate "2010.11.26"]
[SourceQuality "1"]

1. e4 e5 2. Nc3 Nc6 3. Bc4 Nf6 4. d3 Bb4 5. Nge2 0-0 6. 0-0 d6 7. f4 Bc5+ 8. Kh1 Ng4 9. Qe1 Nb4 10. Bb3 Be6 11. Nd5 Nxd5 12. exd5 Bd7 13. h3 Qf6 14. fxe5 Nf2+ 15. Kh2 Qh4 16. d4 Ng4+ 17. Kg1 Qxe1 18. Rxe1 Nxe5 19. dxc5 Rfe8 20. Bf4 dxc5 21. Bxe5 Rxe5 22. Ng3 Rg5 23. Kf2 b5 24. c4 bxc4 25. Bxc4 Rb8 26. b3 Kf8 27. a4 g6 28. Re2 Rb4 29. Ne4 Rf5+ 30. Kg1 c6 31. Nxc5 cxd5 32. Nxd7+ Kg7 33. Bd3 Rg5 34. Bc2 d4 35. Rd1 f6 36. Re7+ Kh6 37. Nxf6 Rc5 38. Rxh7+ Kg5 39. Ne4+ 1-0

[Event "CAN-ch U14"]
[Site "Quebec"]
[Date "2008.07.15"]
[Round "3"]
[White "Marinkovic, Mate"]
[Black "Seguin, Ryan"]
[Result "1-0"]
[WhiteElo "1972"]
[BlackElo "1386"]
[PlyCount "79"]
[EventDate "2008.07.14"]
[EventType "swiss"]
[EventRounds "7"]
[EventCountry "CAN"]
[SourceTitle "EXT 2011"]
[Source "ChessBase"]
[SourceDate "2010.11.26"]
[SourceVersion "1"]
[SourceVersionDate "2010.11.26"]
[SourceQuality "1"]

1. e4 e5 2. Nc3 Nf6 3. f4 d6 4. Bc4 Nc6 5. d3 Be7 6. f5 g6 7. Bh6 gxf5 8. Bg7 Rg8 9. Bxf6 Bxf6 10. Qh5 Rg7 11. Nf3 Ne7 12. h4 f4 13. Ng5 Bxg5 14. hxg5 Ng8 15. g3 f3 16. 0-0 Qxg5 17. Bxf7+ Kd8 18. Qxg5+ Rxg5 19. Rxf3 c6 20. Bxg8 Rxg8 21. Kh2 Bd7 22. Rf7 Rh8 23. Raf1 Ke8 24. Rg7 h6 25. Rff7 Rd8 26. Re7+ Kf8 27. Rxd7 Rxd7 28. Rxd7 b5 29. Rxa7 Rg8 30. Ra8+ Kf7 31. Rxg8 Kxg8 32. Kh3 Kg7 33. Kh4 Kg6 34. a4 bxa4 35. Nxa4 c5 36. c4 Kg7 37. Kh5 Kh7 38. Nc3 Kg7 39. Nb5 Kh7 40. Nxd6 1-0

[Event "CAN-ch U14"]
[Site "Quebec"]
[Date "2008.07.14"]
[Round "2"]
[White "Marinkovic, Mate"]
[Black "Kieu, Marc Andre"]
[Result "0-1"]
[WhiteElo "1972"]
[BlackElo "1524"]
[PlyCount "100"]
[EventDate "2008.07.14"]
[EventType "swiss"]
[EventRounds "7"]
[EventCountry "CAN"]
[SourceTitle "EXT 2011"]
[Source "ChessBase"]
[SourceDate "2010.11.26"]
[SourceVersion "1"]
[SourceVersionDate "2010.11.26"]
[SourceQuality "1"]

1. e4 e5 2. Nc3 Nc6 3. Bc4 Nf6 4. d3 d6 5. f4 Bg4 6. Nge2 Nd4 7. h3 Bxe2 8. Nxe2 Nxe2 9. Qxe2 Be7 10. 0-0 0-0 11. g4 exf4 12. Bxf4 c6 13. Rae1 d5 14. exd5 Bc5+ 15. Be3 Re8 16. Qf2 Rxe3 17. Rxe3 cxd5 18. Bb3 Qb6 19. Rfe1 Kf8 20. c3 Bxe3 21. Qxe3 Qd6 22. g5 Re8 23. Qf2 Rxe1+ 24. Qxe1 Nh5 25. Qh4 Nf4 26. Qg4 Ke7 27. d4 Ne6 28. h4 Qf4 29. Qxf4 Nxf4 30. Bc2 h6 31. gxh6 gxh6 32. Kf2 Ke6 33. Kf3 Nh5 34. Kg4 Ng7 35. Kf4 f5 36. Bd1 Kf6 37. Bf3 Ke6 38. Bd1 Ne8 39. Bc2 Nd6 40. b3 b5 41. Bd3 a6 42. a3 a5 43. Bc2 Ne4 44. Bxe4 fxe4 45. h5 Kf6 46. c4 dxc4 47. bxc4 b4 48. axb4 a4 49. b5 Ke7 50. b6 Kd7 0-1